000 00317nam a22001337a 4500
008 170621b xxu||||| |||| 00| 0 eng d
020 _a978066425302894
041 _aeng
080 _a94
100 _a18
101 _aSHH
245 _aISLAM AND WAR A STUDY COMPARRATIVE ETHICS
_cKELSAY.J
942 _2udc
_cBK
999 _c18464
_d18464